| 000 | 01132nas a2200373 4500 | ||
|---|---|---|---|
| 001 | BR2011002515 | ||
| 003 | BR-BrBNA | ||
| 005 | 20231205115301.0 | ||
| 007 | ta | ||
| 008 | 230509b bl.|||p| |||| 00| 00por d | ||
| 040 |
_aBR-BrBNA _bpor _cBiblioteca Nacional de Agricultura |
||
| 041 | _a(Pt) | ||
| 072 | _aF30; Q04 | ||
| 100 | 1 | _aLima, E. da S. | |
| 100 | 1 | _aSilva, J.F.C. da | |
| 100 | 1 | _aVássquez, H.M. | |
| 100 | 1 | _aAraújo, S.A. do C. | |
| 100 | 1 | _aRocha,T.C. | |
| 245 | 1 | _aFracionamento de carboidratos e compostos nitrogenados de genótipos de capim-elefante aos 56 dias de rebrota | |
| 650 | _aGENÉTICA VEGETAL | ||
| 650 | _aVARIAÇÃO GENÉTICA | ||
| 650 | _aGRAMÍNEA FORRAGEIRA | ||
| 650 | _aCAPIM ELEFANTE | ||
| 650 | _aGENOTIPO | ||
| 650 | _aCARBOIDRATO | ||
| 650 | _aNITROGÊNIO | ||
| 650 | _aNUTRIENTE | ||
| 650 | _aFRACIONAMENTO | ||
| 650 | _aPROCESSAMENTO | ||
| 650 | _aVALOR NUTRITIVO | ||
| 773 | 0 |
_tRevista Brasileira de Zootecnia (Brazil) _xISSN 1516-3598 _g( Nov 2008), v. 37(11) p. 1928-1933 _wBR2011002515 |
|
| 909 |
_a202311 _bLúcia _c55 _dLúcia Elande |
||
| 942 |
_2AGRIS _n0 _cANA |
||
| 999 |
_c213001 _d213001 |
||